Представление документа в формате MARC21

Поле Инд. ПП Название Значение
Тип записи a
Библиографический уровень b
001 Контрольный номер RU/IS/BASE/224269196
005 Дата корректировки 20200522191103.3
008 Кодируемые данные 20070208
040 b Код языка каталог. rus
e Правила каталог. PSBO
041 0_ a Код языка текста rus
084 a Индекс другой классификации/Индекс ББК 63.3(2)622,11-289-3
100 1_ a Автор Конасов В. Б.
q Полное имя Конасов Виктор Борисович
245 10 a Заглавие Эвакуированные ленинградцы на Вологодской земле
504 a Библиография Лит. в примеч.: с. 143 - 144
650 a Основная рубрика внутренняя политика
a Основная рубрика история
653 1_ a Ключевые слова XX век
a Ключевые слова Великая Отечественная война 1941-1945
a Ключевые слова Вологодская область
a Ключевые слова заболеваемость
a Ключевые слова медицинское обслуживание
a Ключевые слова Россия
a Ключевые слова смертность
a Ключевые слова советский период
a Ключевые слова социальная поддержка
a Ключевые слова социальная политика
a Ключевые слова СССР
a Ключевые слова трудоустройство
a Ключевые слова эвакуация населения
a Ключевые слова эвакуированные
773 0_ t Заглавие источника Вопросы истории
d Дата издания источника 2007
g Прочая информация № 1. - С. 135 - 143
w Контрольный № источника RU/IS/BASE/222876244
901 t Тип документа b